000 00633nam a2200169 4500
008 020228s1999 us 0 engYA
020 _a0870449826
090 _aCB311
_bW84
_b1999
245 1 0 _aWonders of the ancient world :
_bNational Geographic atlas of archaelogy /
_cNational Geographic Society.
260 _aWashington, D.C. :
_bNational Geographic Societ, c1999.
300 _a304 p. :
_bills., maps, ports.
504 _aIncludes bibliographical references
650 4 _aArchaelogy.
710 2 2 _xNational Geoegraphic Society
950 0 _46.00
951 _p21712
_x00013819
_oCB311/W84/1999
_j070613111049546
_d2000-12-21
_cREF
999 _c7829
_d7829